000 02342cam a22005294i 4500
003 PE-LiUPU
005 20250731173303.0
008 150625s1993 miu rb 000 0 spa d
020 _a0825410614
020 _a9780825410611
035 _a(Sirsi) i9780825410611
040 _aPE-LiUPU
_bspa
_cPE-LiUPU
_erda
049 _aPRUA
082 0 4 _a225.077
_bB38
_221
100 1 _aBenware, Paul N,
_eautor.
245 1 0 _aPanorama del Nuevo Testamento /
_cPaul N. Benware.
264 1 _aGrand Rapids, Michigan :
_bPortavoz,
_c1993.
300 _a304 páginas ;
_c20 centímetros.
336 _atext
_2rdacontent
337 _aunmediated
_2rdamedia
338 _avolume
_2rdacarrier
490 1 _aComentario Biblico Portavoz
504 _aIncluye referencias bibliográficas.
505 0 _aIntroducción, visión general, transfondo: Espectativa del nuevo pacto -- Los evangelios: Institución del nuevo pacto -- Hechos: Proclamción del nuevo pacto -- Las Epistolas: Explicación del nuevo pacto -- Apocalipsis: Cumplimiento del nuevo pacto.
526 _aSEG42
526 _aSEG41
526 _aSEG40
526 _aSEG39
526 _aP94
526 _aP87
526 _aP86
526 _aP85
526 _aP77
526 _aP76
526 _aP35
541 _g101-011821;
541 _g001-0014465;
630 _aBiblia.
_pN.T.
_vComentarios.
910 _adbm
_bncf
_cncf
_d20190605
942 _2ddc
_cBOOK
949 _a225.077 B38
_wDEWEY
_c1
_i57347
_d2016-11-18
_e2016-11-17
_lCCODEBUL1
_mBUL
_n3
_p85.00
_r0
_sY
_tBOOK
_u2015-6-25
_xTEOLOGIA
_zUNKNOWN
_0COMPRA
_o.STAFF. Colección Teología
949 _a225.077 B38
_wDEWEY
_c2
_i55537
_d2016-11-9
_e2016-11-6
_lCCODEBUL1
_mBUL
_n5
_p6.00
_r0
_sY
_tBOOK
_u2015-6-25
_xTEOLOGIA
_zUNKNOWN
_0COMPRA
_o.STAFF. Colección Teología
994 _aC0
_bPEPRU
596 _a1
999 _a225.077 B38
_wDEWEY
_c44415
_i57347
_d44415
_e2022-7-10
_f2021-11-9
_g5
_lCCODEBUL1
_mBUL
_n5
_p85.00
_q1
_r0
_sY
_tBOOK
_u2015-6-25
_xTEOLOGIA
_PP35
_0COMPRA
_o.STAFF. Colección Teología
999 _a225.077 B38
_wDEWEY
_c2
_i55537
_d2022-7-13
_e2022-7-12
_f2021-11-9
_g5
_lCCODEBUL1
_mBUL
_n7
_p6.00
_q5
_r0
_sY
_tBOOK
_u2015-6-25
_xTEOLOGIA
_PP35
_0COMPRA
_o.STAFF. Colección Teología
980 _81
_gALBERTO SANCHEZ Responsable de Automatización